Shania Twain Songs - Statistics

General Stats
  • This quiz has been taken 239 times
  • The average score is 6 of 16
Answer Stats
Year Peak Song % Correct
1999 4 Man! I Feel Like A Woman!
87%
1999 8 That Don't Impress Me Much
70%
1998 1 You're Still The One
63%
1995 1 Any Man Of Mine
62%
1998 6 From This Moment On
39%
1998 1 Honey, I'm Home
39%
1999 6 Come On Over
37%
2002 7 I'm Gonna Getcha Good!
29%
1998 6 Don't Be Stupid (You Know I Love You)
26%
2003 4 Forever And For Always
23%
2004 7 Party For Two
23%
1997 1 Love Gets Me Every Time
20%
1996 1 No One Needs To Know
20%
1996 1 You Win My Love
18%
1996 1 (If You're Not In It For Love) I'm Outta Here!
17%
2004 9 She's Not Just A Pretty Face
4%
No matching quizzes found
Score Distribution
Percent of People with Each Score
Percentile by Number Answered
Your Score History
You have not taken this quiz